000 00792nam a22002177a 4500
008 240605b mp ||||| |||| 00| 0 mon d
035 _a12032
040 _aHE0623081
_bmon
_cMN-UlNLM
_dMN-UlNLM
_erda
041 _amon
042 _a27808
084 _2NNA
_a82.3(4Гер)
_bХ.278
100 _aХауф В.
245 0 _aҮлгэрүүд
264 _aУБ.
_bМонсудар
_c2001
300 _a145х.
336 _2rdacontent
_atext
_btxt
337 _2rdamedia
_aunmediated
_bn
338 _2rdacarrier
_avolume
_bnc
650 _aХүйтэн зүрх Бяцхан Мукийн намтар Урт хамарт анахай зэрэг 3 гарчигтай үлгэр, герман Гарчиг: хүйтэн зүрх, бяцхан мукийн намта...
942 _2NNA
_cBK
999 _c884009
_d884066